000 00547nam a2200241Ia 4500
003 OSt
005 20220924145529.0
006 a|||||r|||| 00| 0
007 ta
008 TEL
020 _c1.50
024 _a329141
037 _cTextual
040 _aARTS
_cARTS
_bTEL
041 _2TEL
_aTEL
082 _aO111,3NBA,1, 35J8
100 _aBaljak
_9219966
245 0 _aNeeli kallu
260 _c1958
650 _aENGLISH LITERATURE
942 _hO111,3NBA,1, 35J8
_cTEXL
_2CC
999 _c460374
_d460374